| 000 | 01073nam a22002777a 4500 | ||
|---|---|---|---|
| 003 | dpl | ||
| 005 | 20180827150757.0 | ||
| 008 | 180827b xxu||||| |||| 00| 0 eng d | ||
| 010 | _aB-235176 | ||
| 020 |
_a817882034 _c200.00 |
||
| 035 | _aB-235176, B-074093 | ||
| 037 | _bCen Lib/Ret | ||
| 040 |
_aDPL _bHN _c0 |
||
| 082 |
_aक _bबनफूल |
||
| 100 |
_aबनफूल _96954 |
||
| 245 |
_aबनफूल की कहानियां / _cबनफूल |
||
| 246 |
_aBanphool ki kahaniyan _b by Banphool |
||
| 260 |
_aदिल्ली _bसुरेन्द्रकुमार एंड संस _c2007 |
||
| 270 |
_a30/21-ए , गली न. 9,विश्वास नगर शाहदरा _b दिल्ली _e110032 |
||
| 300 |
_a144पृष्ठ. _c20सेमी(सजिल्द) |
||
| 650 |
_aहिंदी साहित्य _965617 |
||
| 650 |
_aहिंदी कहानी _965618 |
||
| 650 |
_aHindi literature _965619 |
||
| 650 |
_aHindi Story _943117 |
||
| 942 |
_2ddc _cHN _hक _mबनफूल |
||
| 999 |
_c116258 _d116258 |
||